RESCENE all songs discography (3/26) - Statistics

General Stats
  • This quiz has been taken 65 times
    6 since last reset
  • The average score is 12 of 19
Answer Stats
Answer % Correct
Glow Up
100%
LOVE ATTACK
100%
Pinball
100%
Uh Uh
100%
YoYo
100%
Deja Vu
75%
In my lotion
75%
Bloom
50%
Busy Boy
50%
Cotton Candy
50%
CRASH
50%
Heart Drop
50%
Hello XO
50%
Lucky you
50%
mood
50%
MVP
50%
New World
50%
Going on
25%
Love Echo
25%
No matching quizzes found
Score Distribution
Percent of People with Each Score
Percentile by Number Answered
Your Score History
You have not taken this quiz since the last reset